Statistics for General Knowledge #1

Click here to take the quiz!

General Stats

  • This quiz has been taken 47 times
  • The average score is 10 of 25

Answer Stats

QuestionAnswer% Correct
How many American Presidents have been assassinated while in office?4
95%
Which element is said to keep bones strong?Calcium
91%
Simone Biles is famous for her skill in what sport?Gymnastics
70%
How many people have walked on the moon?12
67%
Name Pixar’s first feature-length movie?Toy Story
63%
What was Meta Platforms Inc formerly known as?Facebook Inc
60%
In which town do the Flintstones live?Bedrock
56%
“The Adventures of Sherlock Holmes” was written by which author?Arthur Conan Doyle
51%
Which country consumes the most chocolate per capita?Switzerland
49%
Name either of Harry Potter's parents.Lily / James
47%
What is the name of the deepest location on Earth?Mariana Trench
44%
The song "How Far I'll Go" features in which Disney film?Moana
42%
The Tombstone Piledriver is a finisher made famous by which iconic WWE wrestler?The Undertaker
35%
Which rock band was founded by Trent Reznor in 1988?Nine Inch Nails
30%
What is the name of the headteacher in Roald Dahl's Matilda?Agatha Trunchbull
28%
Which religion is based on the spiritual teaching of Guru Nanak?Sikhism
26%
Which English monarch officially made Valentine's Day a holiday in 1537?Henry VIII
23%
What Renaissance artist is buried in Rome's Pantheon?Raphael
23%
What Netflix show had the most streaming views in 2021?Squid Game
23%
What type of pasta translates to English as 'little worms'?Vermicelli
14%
Which rapper's real name is Dylan Kwabena Mills?Dizzee Rascal
9%
How long is New Zealand’s Ninety Mile Beach (in miles)?55 miles
7%
What is the name of the Duke of Milan who casts a spell on a ship in "The Tempest"?Prospero
7%
What is a group of spiders called?Cluster / Clutter
2%
Who was the first female Prime Minister of New Zealand?Jenny Shipley
2%

Score Distribution

Percentile by Number Answered

Percent of People with Each Score

Your Score History

You have not taken this quiz